Statystyki dla Najtrudniejsze pytania z geografii

Kliknij tutaj aby rozwiązać quiz!

Ogólne statystyki

  • Ten quiz został rozwiązany 1 383 razy
    (1 107 od ostatniego zresetowania)
  • Średni wynik to 5 z 15

Statystyki odpowiedzi

PodpowiedźPoziomOdpowiedź% Poprawnych
Stworzono w nim sklep Ikea5Szwecja
96%
Najszczęśliwszy kraj1Finlandia
79%
Kraj z którym Francja dzieli największą granicę10Brazylia
74%
Jako jedyny kraj w Afryce nie został skolonizowany25Etiopia
62%
Miał kiedyś całą zieloną flagę20Libia
61%
W jakim kraju jest najwięcej ludzi anglojęzycznych30Indie
54%
Saltanat Uman jaki to kraj?60Oman
32%
W jakim kraju są czerwone blachy rejestracyjne40Bhutan/Belgia
18%
Największy kraj bez lotniska15Andora
17%
W jakim kraju żeby przejść z dzielnicy przez dzielnicę trzeba zmienić pas drogowy35Chiny
14%
W jakim kraju jednym z języków urzędowych jest migowy?65Nowa Zelandia
14%
W jakim kraju jest ponad 20% niewolników mimo, że posiadanie niewolnika jest zakazane ( do tej pory została w tym kraju ukarana za to jedna osoba)70Mauretania
11%
Jaki kraj ma najpodobniejszą powierzchnię do Francji55Somalia
9%
Na terenie jakiego kraju była cywilizacja Kuszu?50Sudan
7%
W jakim kraju jest miasto Angeles45Filipiny
4%

Rozkład punktacji

Percentyl według liczby udzielonych odpowiedzi

Procent ludzi z każdym wynikiem

Twoja historia wyników

Nie rozwiązałeś tego quizu od ostatniego zresetowania